[Event "Hradec Kralove Open 2023 - A FIDE Open"]
[Site "Cernigov hotel, Hradec Kralove"]
[Date "2023.11.04"]
[Round "1"]
[Board "1"]
[White "Johnson, Joshua"]
[Black "Vochozka, Jindrich"]
[Result "1-0"]
[WhiteElo "2337"]
[BlackElo "1624"]
[PlyCount "0"]
[EventDate "2023.11.04"]
[EventRounds "9"]
[EventCountry "CZE"]

1. e4 e6 2. d4 d5 3. e5 c5 4. c3 Nc6 5. Nf3 Nge7 6. Na3 cxd4 7. cxd4 Nf5 8. Nc2 Bd7
9. Be2 Be7 10. O-O O-O 11. Bd3 g6 12. Kh1 Nb4 13. Nxb4 Bxb4 14. a3 Be7 15. Qd2 Kh8
16. g4 Ng7 17. Qh6 Rg8 18. Ng5 Bxg5 19. Bxg5 Qb6 20. Rg1 Qxd4 21. Bf6 Qxd3 22. Rg3
Qe2 23. Rh3  1-0

[Event "Hradec Kralove Open 2023 - A FIDE Open"]
[Site "Cernigov hotel, Hradec Kralove"]
[Date "2023.11.04"]
[Round "1"]
[Board "2"]
[White "Kutek, Jiri"]
[Black "Jirasek, Pavel"]
[Result "0-1"]
[WhiteElo "1605"]
[BlackElo "2322"]
[PlyCount "0"]
[EventDate "2023.11.04"]
[EventRounds "9"]
[EventCountry "CZE"]

1. e4 e5 2. Nf3 Nc6 3. Bb5 a6 4. Bxc6 dxc6 5. O-O Bd6 6. d3 Ne7 7. c3 c5 8. Bg5 f6
9. Bh4 Be6 10. Nbd2 Qd7 11. a3 O-O-O 12. b4 g5 13. Bg3 h5 14. h4 g4 15. Ne1 Ng6 16.
f3 Rhg8 17. Bf2 Qe7 18. g3 gxf3 19. Ndxf3 Bh3 20. Qb3 Nf4 21. Qb2 c4 22. dxc4 Qe6
23. Nd2 Bxf1 24. Nxf1 Qxc4 25. Ne3 Qxe4 26. Kh2 f5 27. gxf4 Qxf4+ 28. Kh1 e4 29.
Nf1 e3  0-1

[Event "Hradec Kralove Open 2023 - A FIDE Open"]
[Site "Cernigov hotel, Hradec Kralove"]
[Date "2023.11.04"]
[Round "1"]
[Board "3"]
[White "Kulhanek, Tomas"]
[Black "Rimovsky, Pavel"]
[Result "1-0"]
[WhiteElo "2322"]
[BlackElo "1600"]
[PlyCount "0"]
[EventDate "2023.11.04"]
[EventRounds "9"]
[EventCountry "CZE"]

1. e4 c5 2. Nf3 a6 3. c3 Nf6 4. e5 Nd5 5. d4 cxd4 6. Bc4 Nb6 7. Bb3 dxc3 8. Nxc3
e6 9. O-O d5 10. exd6 Bxd6 11. Qe2 Nc6 12. Rd1 Qe7 13. Ng5 h6 14. Nge4 Be5 15. Be3
Nd7 16. f4 Bc7 17. f5 O-O 18. f6 Nxf6 19. Bc5 Nxe4 20. Bxe7 Nxc3 21. bxc3 Nxe7 22.
Rd3 Nc6 23. Rf1 Na5 24. Qe4 Nxb3 25. axb3 Rd8 26. Rxd8+ Bxd8 27. Qd4 Be7 28. Qb6
Kf8 29. Rd1 Ke8 30. Kf1 f6 31. c4 e5 32. h3 a5 33. Qb5+ Kf8 34. Qb6 Ke8 35. Ra1 Bb4
36. Qc7 Bc3 37. Rd1 Bd4 38. Qxg7  1-0

[Event "Hradec Kralove Open 2023 - A FIDE Open"]
[Site "Cernigov hotel, Hradec Kralove"]
[Date "2023.11.04"]
[Round "1"]
[Board "4"]
[White "Volf, Michal"]
[Black "Cheraghi, Amin"]
[Result "0-1"]
[WhiteElo "1599"]
[BlackElo "2244"]
[PlyCount "0"]
[EventDate "2023.11.04"]
[EventRounds "9"]
[EventCountry "CZE"]

1. d4 Nf6 2. c4 e6 3. Nf3 Bb4+ 4. Bd2 c5 5. Bxb4 cxb4 6. e3 b6 7. Be2 Bb7 8. O-O
O-O 9. a3 bxa3 10. Nxa3 d5 11. Ne5 Nc6 12. f4 Ne7 13. Qb3 Ne4 14. Rad1 Nf5 15. c5
bxc5 16. Qxb7 Nxe3 17. Nc6 Qf6 18. Nb5 Nxd1 19. Bxd1 a6 20. Nc7 Rab8 21. Qxa6 Rxb2
22. f5 Qg5 23. Bf3 Qe3+ 24. Kh1 Nf2+ 25. Rxf2 Rxf2 26. Ne7+ Kh8  0-1

[Event "Hradec Kralove Open 2023 - A FIDE Open"]
[Site "Cernigov hotel, Hradec Kralove"]
[Date "2023.11.04"]
[Round "1"]
[Board "5"]
[White "Toman, Jaroslav"]
[Black "Krasa, Marek"]
[Result "1/2-1/2"]
[WhiteElo "2203"]
[BlackElo "1595"]
[PlyCount "0"]
[EventDate "2023.11.04"]
[EventRounds "9"]
[EventCountry "CZE"]

1. b3 d5 2. Bb2 e6 3. e3 Nf6 4. Nf3 a6 5. d4 c5 6. Nbd2 Nc6 7. a3 b5 8. c4 cxd4 9.
cxb5 dxe3 10. bxc6 exd2+ 11. Qxd2 Ne4 12. Qc2 Bc5 13. Bd4 Bxd4 14. Nxd4 Qb6 15. Nf3
O-O 16. b4 Qc7 17. Bd3 f5 18. O-O Re8 19. a4 e5 20. b5 Nd6 21. Be2 d4 22. Rfb1 axb5
23. axb5 Rxa1 24. Rxa1 d3 25. Bxd3 e4 26. Bc4+ Nxc4 27. Qxc4+ Be6  1/2-1/2

[Event "Hradec Kralove Open 2023 - A FIDE Open"]
[Site "Cernigov hotel, Hradec Kralove"]
[Date "2023.11.04"]
[Round "1"]
[Board "6"]
[White "Svec, Ludek"]
[Black "Cupid, Kevin"]
[Result "0-1"]
[WhiteElo "1589"]
[BlackElo "2186"]
[PlyCount "0"]
[EventDate "2023.11.04"]
[EventRounds "9"]
[EventCountry "CZE"]

1. d4 Nf6 2. Nf3 e6 3. g3 c5 4. Bg2 Nc6 5. O-O d5 6. c4 cxd4 7. cxd5 exd5 8. Nxd4
Be7 9. Nc3 O-O 10. h3 h6 11. Be3 Re8 12. Rc1 Be6 13. Qd3 Ne5 14. Qb1 Nc4 15. Nxe6
fxe6 16. Bxh6 gxh6 17. Qg6+ Kf8 18. e4 d4 19. Nb5 Ne5 20. Qxh6+ Kf7 21. Nc7 Rh8 22.
Qd2 Rc8 23. Nb5 Qb6 24. Na3 Bb4 25. Qd1 d3 26. Rxc8 Rxc8 27. Qb3 Bxa3 28. Qxb6 axb6
29. bxa3 d2  0-1

[Event "Hradec Kralove Open 2023 - A FIDE Open"]
[Site "Cernigov hotel, Hradec Kralove"]
[Date "2023.11.04"]
[Round "1"]
[Board "8"]
[White "Kolesar, Milan"]
[Black "Vorel, Bohuslav"]
[Result "1-0"]
[WhiteElo "2097"]
[BlackElo "1573"]
[PlyCount "0"]
[EventDate "2023.11.04"]
[EventRounds "9"]
[EventCountry "CZE"]

1. Nf3 d5 2. d4 Nf6 3. c4 e6 4. Nc3 Bb4 5. Bg5 c5 6. e3 h6 7. Bxf6 Qxf6 8. cxd5 exd5
9. Qb3 Bxc3+ 10. Qxc3 c4 11. b3 b5 12. a4 bxa4 13. bxc4 dxc4 14. Bxc4 Bd7 15. Ne5
O-O 16. Bd5 Nc6 17. Nxd7  1-0

[Event "Hradec Kralove Open 2023 - A FIDE Open"]
[Site "Cernigov hotel, Hradec Kralove"]
[Date "2023.11.04"]
[Round "1"]
[Board "9"]
[White "Simon, Petr"]
[Black "Flasar, Jaroslav"]
[Result "0-1"]
[WhiteElo "1550"]
[BlackElo "2048"]
[PlyCount "0"]
[EventDate "2023.11.04"]
[EventRounds "9"]
[EventCountry "CZE"]

1. e4 c5 2. Nc3 e6 3. Nf3 a6 4. d4 cxd4 5. Nxd4 Nc6 6. Be3 Nf6 7. Be2 Bb4 8. f3 d5
9. Nxc6 bxc6 10. e5 Nd7 11. f4 Bb7 12. a3 Be7 13. O-O O-O 14. Bg4 c5 15. Bf2 Rb8
16. Qe2 a5 17. Nd1 Qb6 18. Rb1 g6 19. Re1 d4 20. c3 Ba6 21. Qe4 d3 22. c4 Qb3 23.
Nc3 Qxc4 24. Qxc4 Bxc4 25. Ne4 Rfc8 26. Red1 Bb3 27. Rxd3 Bc2 28. Rxd7 Bxb1 29. Nf6+
Bxf6 30. exf6 h5 31. Bf3 Rxb2 32. g4 hxg4 33. Bxg4 Bf5  0-1

[Event "Hradec Kralove Open 2023 - A FIDE Open"]
[Site "Cernigov hotel, Hradec Kralove"]
[Date "2023.11.04"]
[Round "1"]
[Board "10"]
[White "Dusbaba, Karel"]
[Black "Endler, Boris"]
[Result "1-0"]
[WhiteElo "1993"]
[BlackElo "1540"]
[PlyCount "0"]
[EventDate "2023.11.04"]
[EventRounds "9"]
[EventCountry "CZE"]

1. c4 Nf6 2. Nc3 e6 3. e4 d5 4. e5 d4 5. exf6 dxc3 6. fxg7 cxd2+ 7. Qxd2 Qxd2+ 8.
Bxd2 Bxg7 9. O-O-O c5 10. Nf3 Nc6 11. Bd3 O-O 12. Be4 Nd4 13. g4 Bd7 14. Be3 Rac8
15. Kb1 Bc6 16. Bxc6 Rxc6 17. Nxd4 cxd4 18. Bxd4 Rxc4 19. Bxg7 Kxg7 20. h3 Rfc8 21.
Rd7 R8c7 22. Rhd1 b5 23. Rxc7 Rxc7 24. Rd8 Kg6 25. Rg8+ Kf6 26. Rh8 Kg6 27. f4 f5
28. Rg8+ Kf7 29. Rb8 fxg4 30. hxg4 Rc4 31. Rb7+ Kf6 32. Rxh7 Rxf4 33. Rxa7 Rxg4 34.
Rb7 Rg5 35. Kc2 Rd5 36. b3 Ke5 37. a4 bxa4 38. bxa4 Kd6 39. Rb6+ Ke5 40. Kc3 Rc5+
41. Kb4 Kd5 42. Rb5 Rxb5+ 43. Kxb5 Kd6 44. Kb6 e5 45. a5 e4 46. a6 e3 47. a7  1-0

[Event "Hradec Kralove Open 2023 - A FIDE Open"]
[Site "Cernigov hotel, Hradec Kralove"]
[Date "2023.11.04"]
[Round "1"]
[Board "11"]
[White "Mraz, Pavel"]
[Black "Wenke, Oldrich"]
[Result "0-1"]
[WhiteElo "1524"]
[BlackElo "1984"]
[PlyCount "0"]
[EventDate "2023.11.04"]
[EventRounds "9"]
[EventCountry "CZE"]

1. d4 b6 2. e3 Bb7 3. Nf3 e6 4. c4 Nf6 5. Nc3 Bb4 6. Bd2 Qe7 7. a3 Bxc3 8. Bxc3 Ne4
9. Rc1 O-O 10. Bd3 f5 11. O-O d6 12. Qe2 Nd7 13. b4 Nxc3 14. Rxc3 a5 15. b5 e5 16.
dxe5 dxe5 17. e4 Nc5 18. Nd2 Rad8 19. exf5 Qd7 20. Ne4 Nxd3 21. f6 Nf4 22. Qc2 Qf5
23. f3 gxf6 24. c5 Nd5 25. Rd3 Qf4 26. Qb3 a4 27. Qc4 f5 28. c6 Bc8 29. g3 fxe4 30.
Rxd5 Qe3+ 31. Kh1 Be6 32. Rxd8 Bxc4 33. Rxf8+ Kxf8  0-1

[Event "Hradec Kralove Open 2023 - A FIDE Open"]
[Site "Cernigov hotel, Hradec Kralove"]
[Date "2023.11.05"]
[Round "2"]
[Board "1"]
[White "Kuru, Martin"]
[Black "Johnson, Joshua"]
[Result "0-1"]
[WhiteElo "1852"]
[BlackElo "2337"]
[PlyCount "0"]
[EventDate "2023.11.04"]
[EventRounds "9"]
[EventCountry "CZE"]

1. d4 d5 2. Nf3 Nf6 3. e3 c6 4. Bd3 Bg4 5. b3 Nbd7 6. Bb2 e6 7. Nbd2 Bd6 8. e4 dxe4
9. Nxe4 Nxe4 10. Bxe4 Nf6 11. Bd3 Bb4+ 12. c3 Bxf3 13. Qxf3 Qxd4 14. Be2 Ne4 15.
O-O Bxc3 16. Rfd1 Qe5 17. Bxc3 Nxc3 18. Re1 Nxe2+ 19. Qxe2 Qxe2 20. Rxe2 O-O  0-1

[Event "Hradec Kralove Open 2023 - A FIDE Open"]
[Site "Cernigov hotel, Hradec Kralove"]
[Date "2023.11.05"]
[Round "2"]
[Board "2"]
[White "Jirasek, Pavel"]
[Black "Gromczak, Dariusz"]
[Result "1-0"]
[WhiteElo "2322"]
[BlackElo "1856"]
[PlyCount "0"]
[EventDate "2023.11.04"]
[EventRounds "9"]
[EventCountry "CZE"]

1. c4 g6 2. g3 Bg7 3. Bg2 c5 4. Nc3 Nc6 5. Nf3 e5 6. a3 Nge7 7. O-O O-O 8. d3 d5
9. cxd5 Nxd5 10. Nxd5 Qxd5 11. Be3 Qd6 12. Rc1 Nd4 13. Nxd4 cxd4 14. Bd2 Re8 15.
Qc2 Rb8 16. Bb4 Qd8 17. Qc7 Bg4 18. Rfe1 Qg5 19. Bxb7 e4 20. dxe4 Bxe2 21. Bd5 Be5
22. Qxf7+ Kh8 23. f4 Bxf4 24. Qxf4 Qxf4 25. gxf4  1-0

[Event "Hradec Kralove Open 2023 - A FIDE Open"]
[Site "Cernigov hotel, Hradec Kralove"]
[Date "2023.11.05"]
[Round "2"]
[Board "3"]
[White "Barabas, Ales"]
[Black "Kulhanek, Tomas"]
[Result "0-1"]
[WhiteElo "1759"]
[BlackElo "2322"]
[PlyCount "0"]
[EventDate "2023.11.04"]
[EventRounds "9"]
[EventCountry "CZE"]

1. Nf3 Nf6 2. g3 b6 3. d4 Bb7 4. Bg2 g6 5. O-O Bg7 6. c4 O-O 7. Nc3 Ne4 8. Nxe4 Bxe4
9. e3 d6 10. Nd2 Bxg2 11. Kxg2 Nd7 12. Rb1 e5 13. dxe5 dxe5 14. Qc2 a5 15. b3 Qe7
16. Bb2 f5 17. Nf3 Nc5 18. Ba3 g5 19. Rbd1 e4 20. Nd4 f4 21. gxf4 gxf4 22. Kh1 Rf6
23. Rg1 Raf8 24. exf4 Rg6 25. Rxg6 hxg6 26. Ne2 Re8 27. Rg1 Qd6 28. Rg3 Qd3 29. Qc1
Qxe2 30. Bxc5 bxc5 31. Rxg6 Qf3+ 32. Kg1 Rd8  0-1

[Event "Hradec Kralove Open 2023 - A FIDE Open"]
[Site "Cernigov hotel, Hradec Kralove"]
[Date "2023.11.05"]
[Round "2"]
[Board "4"]
[White "Cheraghi, Amin"]
[Black "Mydlar, Matej"]
[Result "1-0"]
[WhiteElo "2244"]
[BlackElo "1809"]
[PlyCount "0"]
[EventDate "2023.11.04"]
[EventRounds "9"]
[EventCountry "CZE"]

1. d4 Nf6 2. Bg5 d5 3. e3 e6 4. Nf3 Be7 5. Nbd2 Nbd7 6. Bd3 O-O 7. c3 b6 8. Qa4 Bb7
9. Ne5 h6 10. Bxf6 Nxf6 11. O-O c5 12. Rae1 Qc7 13. Qd1 Bd6 14. f4 Ne4 15. Nxe4 dxe4
16. Bc2 f5 17. Bb3 Rae8 18. Qh5 Bxe5 19. fxe5 Kh7 20. Rf2 c4 21. Bd1 g6 22. Qh3 Bc6
23. Ref1 Qg7 24. g4 Bd7 25. Be2 Rc8 26. Qg3 b5 27. Rg2 Qg8 28. gxf5 exf5 29. d5 g5
30. e6 Bxe6 31. dxe6 Qxe6 32. Rgf2 Rf6 33. Bg4 Rcf8 34. Bh3 Qd5 35. Qc7+ R6f7 36.
Rxf5  1-0

[Event "Hradec Kralove Open 2023 - A FIDE Open"]
[Site "Cernigov hotel, Hradec Kralove"]
[Date "2023.11.05"]
[Round "2"]
[Board "5"]
[White "Cupid, Kevin"]
[Black "Rudowski, Szymon"]
[Result "1-0"]
[WhiteElo "2186"]
[BlackElo "1764"]
[PlyCount "0"]
[EventDate "2023.11.04"]
[EventRounds "9"]
[EventCountry "CZE"]

1. d4 Nf6 2. Nf3 g6 3. Bg5 Bg7 4. e3 O-O 5. Be2 c5 6. c3 d6 7. O-O Nbd7 8. Nbd2 b6
9. a4 Bb7 10. h3 Qc7 11. Bh4 Bc6 12. b4 a6 13. Qb3 Rfc8 14. Rab1 cxb4 15. cxb4 Bd5
16. Qb2 Qc3 17. Qxc3 Rxc3 18. Rfc1 Ra3 19. Rc7 Kf8 20. e4  1-0

[Event "Hradec Kralove Open 2023 - A FIDE Open"]
[Site "Cernigov hotel, Hradec Kralove"]
[Date "2023.11.05"]
[Round "2"]
[Board "6"]
[White "Berka, Lubos"]
[Black "Kolesar, Milan"]
[Result "1/2-1/2"]
[WhiteElo "1684"]
[BlackElo "2097"]
[PlyCount "0"]
[EventDate "2023.11.04"]
[EventRounds "9"]
[EventCountry "CZE"]

1. e4 c5 2. Nc3 Nc6 3. g3 g6 4. Bg2 Bg7 5. d3 d6 6. Nge2 e6 7. O-O Nge7 8. Be3 Nd4
9. Rb1 Rb8 10. b4 Nxe2+ 11. Nxe2 cxb4 12. Rxb4 b6 13. Rb1 Bb7 14. f4 d5 15. e5 O-O
16. g4 Qd7 17. h4 f6 18. exf6 Bxf6 19. Bd4 Nc6 20. Bxf6 Rxf6 21. d4 Na5 22. Rf3 Nc4
23. Rh3 Kh8 24. h5 gxh5 25. g5 Rf7 26. Rxh5 Rg8 27. Qd3  1/2-1/2

[Event "Hradec Kralove Open 2023 - A FIDE Open"]
[Site "Cernigov hotel, Hradec Kralove"]
[Date "2023.11.05"]
[Round "2"]
[Board "7"]
[White "Flasar, Jaroslav"]
[Black "Portych, Vaclav"]
[Result "1-0"]
[WhiteElo "2048"]
[BlackElo "1726"]
[PlyCount "0"]
[EventDate "2023.11.04"]
[EventRounds "9"]
[EventCountry "CZE"]

1. e4 c5 2. Nf3 d6 3. d4 cxd4 4. Nxd4 Nf6 5. Nc3 a6 6. Bd3 e5 7. Nb3 Be6 8. O-O Be7
9. f4 O-O 10. f5 Bxb3 11. axb3 h6 12. Be3 Nc6 13. Nd5 Nxd5 14. exd5 Nd4 15. c3 Nb5
16. Qg4 Bg5 17. Bf2 Nc7 18. c4 Ne8 19. Qe4 Nf6 20. Qe2 Nh7 21. b4 Re8 22. Bc2 Rc8
23. Bb3 Bh4 24. g3 Be7 25. h4 Kh8 26. Rac1 Nf6 27. c5 Qd7 28. Be3 dxc5 29. bxc5 Ne4
30. c6 bxc6 31. dxc6 Qc7 32. Qg4 Nf6 33. Qc4 e4 34. Bf4 Qb6+ 35. Kg2 Nh5 36. Qxf7
Nxf4+ 37. Rxf4 Rf8 38. Qxe7 Qxb3 39. Qxe4 Qxb2+ 40. Rc2 Qf6 41. c7 Qd6 42. Qe6 Qd3
43. Rff2 Rfe8 44. Qc6 Re3 45. Qg6 Qe4+ 46. Kh2 Re1 47. Rg2 Rf1 48. Rce2 Qb1 49. Re8+
Rxe8 50. Qxe8+  1-0

[Event "Hradec Kralove Open 2023 - A FIDE Open"]
[Site "Cernigov hotel, Hradec Kralove"]
[Date "2023.11.05"]
[Round "2"]
[Board "8"]
[White "Sailaubay, Aldiyar"]
[Black "Dusbaba, Karel"]
[Result "1-0"]
[WhiteElo "1660"]
[BlackElo "1993"]
[PlyCount "0"]
[EventDate "2023.11.04"]
[EventRounds "9"]
[EventCountry "CZE"]

1. e4 e6 2. Nf3 d5 3. e5 c5 4. b4 b6 5. b5 a6 6. d4 axb5 7. Bxb5+ Bd7 8. Bd3 Qc7
9. c3 Nc6 10. O-O cxd4 11. cxd4 Nb4 12. Bf4 Ne7 13. a3 Ng6 14. Bg3 Be7 15. Be2 O-O
16. Nbd2 Ba4 17. Qb1 Nc2 18. Rc1 Rfc8 19. Ra2 Bxa3 20. Rf1 Qc3 21. h4 Nxd4 22. Nxd4
Qxd4 23. Rxa3 Qxd2 24. Bf3 b5 25. h5 Ne7 26. Qa1 Nf5 27. Bg4 Qg5 28. Bxf5 Qxf5 29.
h6 g6 30. Rf3 Qh5 31. Bf4 Bc2 32. Qb2 Be4 33. Rg3 Qf5 34. Be3 Rab8 35. Rg5 Bxg2 36.
Rxf5 Bxf1 37. Rf4 Bh3 38. Qa3 Re8 39. Ba7 Ra8 40. Qxh3  1-0

[Event "Hradec Kralove Open 2023 - A FIDE Open"]
[Site "Cernigov hotel, Hradec Kralove"]
[Date "2023.11.05"]
[Round "2"]
[Board "9"]
[White "Wenke, Oldrich"]
[Black "Tsapanidis, Vasilis"]
[Result "0-1"]
[WhiteElo "1984"]
[BlackElo "1705"]
[PlyCount "0"]
[EventDate "2023.11.04"]
[EventRounds "9"]
[EventCountry "CZE"]

7. d3 c6 8. Nbd2 h6 9. Re1 Nc5 10. Ne5 O-O 11. Ndf3 Ncd7 12. Qd2 Nxe5 13. Nxe5 Nd7
14. e4 Bh7 15. Nxd7 Qxd7 16. Qe2 dxe4 17. Qg4 g6 18. Qxe4 Bd6 19. Qd4 f6 20. Qe3
Rae8 21. Qxh6 e5 22. Bh3 Qd8 23. Re2 Rf7 24. Rae1 Bc5 25. Qh4 g5 26. Qc4 Qd5 27.
Qxd5 cxd5 28. d4 Bb4 29. c3 Bd6 30. c4 dxc4 31. dxe5 fxe5 32. Bxe5 Bd3 33. Re3 Bc5
34. Bd4 Rxe3 35. Bxe3 Re7 36. Bf1 Bxf1 37. Kxf1 Bxe3 38. Rxe3 Rxe3 39. fxe3 cxb3
40. axb3 Kf7 41. b4 g4 42. Ke2 Ke6 43. Kd3 Ke5 44. e4 a6 45. Ke3 b6 46. Kd3 a5 47.
bxa5 bxa5 48. Kc4 Kxe4 49. Kb5 Kf3 50. Kxa5 Kg2  0-1

[Event "Hradec Kralove Open 2023 - A FIDE Open"]
[Site "Cernigov hotel, Hradec Kralove"]
[Date "2023.11.05"]
[Round "2"]
[Board "10"]
[White "Jiruse, Josef"]
[Black "Kultucki, Kamil"]
[Result "1-0"]
[WhiteElo "1941"]
[BlackElo "1668"]
[PlyCount "0"]
[EventDate "2023.11.04"]
[EventRounds "9"]
[EventCountry "CZE"]

1. f4 c5 2. Nf3 Nf6 3. b3 g6 4. Bb2 Bg7 5. e4 O-O 6. d3 Nc6 7. Be2 d5 8. Nbd2 b6
9. Ne5 Bb7 10. Nxc6 Bxc6 11. e5 Ne8 12. d4 Nc7 13. c3 f6 14. O-O fxe5 15. fxe5 e6
16. Nf3 Qe7 17. Bc1 Nb5 18. Bg5 Qd7 19. Qd2 cxd4 20. cxd4 Rac8 21. a4 Nc7 22. h3
a6 23. Rfc1 Rf7 24. Nh2 b5 25. a5 Rb8 26. b4 Rbf8 27. Ng4 Ne8 28. Bd3 Qa7 29. Be3
Rc7 30. Rc5 Rff7 31. Rac1 Ba8 32. Bh6 Bh8 33. Qg5 Rxc5 34. Rxc5 Nd6 35. Qd8+ Rf8
36. Qxf8#  1-0

[Event "Hradec Kralove Open 2023 - A FIDE Open"]
[Site "Cernigov hotel, Hradec Kralove"]
[Date "2023.11.06"]
[Round "3"]
[Board "1"]
[White "Johnson, Joshua"]
[Black "Ochedzan, Filip"]
[Result "1-0"]
[WhiteElo "2337"]
[BlackElo "1873"]
[PlyCount "0"]
[EventDate "2023.11.04"]
[EventRounds "9"]
[EventCountry "CZE"]

1. c4 e5 2. g3 Nf6 3. Bg2 d5 4. cxd5 Nxd5 5. Nf3 Nc6 6. O-O Nb6 7. b3 Be7 8. Bb2
Bf6 9. Qc2 O-O 10. Nc3 Re8 11. Ne4 Bf5 12. Rac1 Rc8 13. d3 Bxe4 14. dxe4 Qe7 15.
Ne1 Nb4 16. Qb1 c5 17. a3 Na6 18. Bh3 Rc7 19. a4 Nc8 20. Nc2 Bg5 21. Rcd1 Nd6 22.
f4 exf4 23. gxf4 Nxe4 24. fxg5 Qxg5+ 25. Kh1 Qh4 26. Rd3 Nf2+ 27. Rxf2 Qxf2 28. Qg1
Qxg1+ 29. Kxg1 Nb4 30. Nxb4 cxb4 31. Bg4 Rc2 32. Bd4 b6 33. Kf2 f5 34. Bf3 Rd8 35.
h4 Kf7 36. Ke3 g6 37. Kf4 Rc7 38. Bxb6 Rxd3 39. Bxc7 Rd4+ 40. Ke5 Rxh4 41. Bb8 a6
42. Bb7 h5 43. Bxa6 Re4+ 44. Kd5 h4 45. Bd3 Re8 46. Bh2 Kf6 47. a5 g5 48. a6 g4 49.
Bf4 g3 50. Kc6 Rg8 51. a7 g2 52. Bh2 h3 53. Bc4 Rc8+ 54. Kb7 Re8 55. a8=Q Rxa8 56.
Kxa8  1-0

[Event "Hradec Kralove Open 2023 - A FIDE Open"]
[Site "Cernigov hotel, Hradec Kralove"]
[Date "2023.11.06"]
[Round "3"]
[Board "2"]
[White "Heinsohn, Michael"]
[Black "Jirasek, Pavel"]
[Result "0-1"]
[WhiteElo "1922"]
[BlackElo "2322"]
[PlyCount "0"]
[EventDate "2023.11.04"]
[EventRounds "9"]
[EventCountry "CZE"]

1. d4 Nf6 2. c4 e6 3. Nf3 b6 4. a3 Ba6 5. Qc2 Bb7 6. Nc3 c5 7. dxc5 bxc5 8. Bf4 d6
9. O-O-O Qb6 10. Nb5 Ne4 11. e3 Nd7 12. Bd3 Ndf6 13. Rhg1 Be7 14. Ng5 Nxg5 15. Bxg5
h6 16. Bh4 a6 17. Nc3 g5 18. Bg3 Rb8 19. Rd2 Nh5 20. Na4 Qc7 21. Be2 Nxg3 22. hxg3
O-O 23. f4 Rfd8 24. Bf3 Bf6 25. Bxb7 Rxb7 26. f5 exf5 27. Qxf5 Be5 28. Rh1 Kg7 29.
Qh3 Rh8 30. Qf5 Qa5 31. Qc2 Rhb8 32. Qd1 Rb3 33. Qh5 Rh8 34. Rf1 f6 35. Qf3 Qxa4
36. Rxd6 Qxc4+  0-1

[Event "Hradec Kralove Open 2023 - A FIDE Open"]
[Site "Cernigov hotel, Hradec Kralove"]
[Date "2023.11.06"]
[Round "3"]
[Board "3"]
[White "Kulhanek, Tomas"]
[Black "Fryc, Lukas"]
[Result "1/2-1/2"]
[WhiteElo "2322"]
[BlackElo "1857"]
[PlyCount "0"]
[EventDate "2023.11.04"]
[EventRounds "9"]
[EventCountry "CZE"]

1. e4 e5 2. Nf3 Nc6 3. Bb5 Nf6 4. d3 Bc5 5. c3 O-O 6. Bg5 h6 7. Bh4 d6 8. Nbd2 Bg4
9. h3 Be6 10. O-O g5 11. Bg3 Nh5 12. Kh2 f5 13. exf5 Nxg3 14. fxg3 Rxf5 15. Bxc6
bxc6 16. d4 exd4 17. Nxd4 Rxf1 18. Nxf1 Qf6 19. Ne3 Bxd4 20. cxd4 Qg6 21. Qf3 Re8
22. Qxc6 Bxh3 23. Nd5 Re2 24. Qxc7 Qe6 25. Ne7+ Kg7 26. Nf5+ Kg6 27. Qg7+ Kh5 28.
Kxh3 Qxf5+ 29. Kh2 Qf3 30. Rg1 Rxb2 31. Qxa7 Kg6 32. Qd7 Qh5+ 33. Qh3 Rxa2 34. Re1
Qxh3+ 35. Kxh3 Kf5 36. g4+ Kf6 37. d5 Ra6 38. Kh2 Kf7 39. Re6 Ra4 40. Rxd6 Rd4 41.
Kg3 Ke7 42. Re6+ Kd7 43. Rxh6 Rxd5 44. Rf6 Rd3+ 45. Kf2 Rd4 46. Kf3 Ke7 47. Rf5 Ke6
48. Rxg5 Kf6 49. Ra5 Rd2 50. Kg3 Kg6 51. Rf5 Ra2 52. Rf2 Ra1 53. Re2 Rb1 54. Re5
Rf1 55. Re6+ Kg5 56. Re8 Ra1 57. Rg8+ Kf6 58. Rh8 Kg5 59. Rh5+ Kg6 60. Rb5 Rf1 61.
Ra5 Rb1 62. g5 Rc1 63. Kh4 Rc4+ 64. g4 Rc6 65. Ra8 Rb6 66. Rg8+ Kf7 67. Rd8 Kg6 68.
Rf8 Kg7 69. Rf3 Rb1 70. Rd3 Rh1+ 71. Rh3 Rg1 72. Kh5 Rc1 73. g6 Rc5+ 74. g5 Rc8 75.
Ra3 Rh8+ 76. Kg4 Rh1 77. Ra6  1/2-1/2

[Event "Hradec Kralove Open 2023 - A FIDE Open"]
[Site "Cernigov hotel, Hradec Kralove"]
[Date "2023.11.06"]
[Round "3"]
[Board "4"]
[White "Kohout, Jan"]
[Black "Cheraghi, Amin"]
[Result "0-1"]
[WhiteElo "1863"]
[BlackElo "2244"]
[PlyCount "0"]
[EventDate "2023.11.04"]
[EventRounds "9"]
[EventCountry "CZE"]

1. d4 Nf6 2. Nf3 d5 3. g3 c5 4. e3 Nc6 5. Bg2 Bg4 6. c3 e6 7. Nbd2 cxd4 8. exd4 Bd6
9. O-O O-O 10. Re1 Qc7 11. Nf1 b5 12. Ne3 Bh5 13. Bd2 Ne4 14. Qc1 b4 15. Nc2 bxc3
16. bxc3 Na5 17. Rxe4 dxe4 18. Ng5 Bf3 19. Nxf3 exf3 20. Bxf3 Rab8 21. Ne3 Nc4 22.
Be2 Ba3 23. Qe1 Nxd2 24. Qxd2 Bb2 25. Rd1 Qxc3 26. Qxc3 Bxc3 27. d5 Rb2 28. Bc4 Rd2
29. dxe6 fxe6 30. Bxe6+ Kh8 31. Rxd2 Bxd2 32. Nc4 Re8 33. Bd5 Bb4 34. f3 Re2 35.
a3 Bc5+ 36. Kh1 g5 37. g4 Kg7 38. a4 Re1+ 39. Kg2 Rg1+ 40. Kh3 Rd1 41. Be4 Rd4 42.
Nb2 Ba3 43. Nd3 Bd6 44. a5 Ra4 45. Nb2 Ra2  0-1

[Event "Hradec Kralove Open 2023 - A FIDE Open"]
[Site "Cernigov hotel, Hradec Kralove"]
[Date "2023.11.06"]
[Round "3"]
[Board "5"]
[White "Tsapanidis, Vasilis"]
[Black "Cupid, Kevin"]
[Result "0-1"]
[WhiteElo "1705"]
[BlackElo "2186"]
[PlyCount "0"]
[EventDate "2023.11.04"]
[EventRounds "9"]
[EventCountry "CZE"]

1. e4 c6 2. d4 d5 3. e5 Bf5 4. Nf3 e6 5. Be2 Nd7 6. O-O Ne7 7. Nh4 c5 8. c3 Be4 9.
Nd2 Nc6 10. Nhf3 cxd4 11. cxd4 Qb6 12. Nb3 a5 13. a4 Nb4 14. Nbd2 Bc2 15. Qe1 Nd3
16. Bxd3 Bxd3 17. Qd1 Bxf1 18. Nxf1 Be7 19. b3 Rc8 20. Bd2 O-O 21. Ne3 Bb4 22. Rb1
Bxd2 23. Qxd2 Qb4 24. Qd1 Rc3 25. Nc2 Qb6 26. Na3 Qb4 27. Nb5 Rc6 28. h3 Nb8 29.
Ne1 Na6 30. Nc2 Qe7 31. Na7 Rb6 32. Nb5 Nb4 33. Qd2 Nxc2 34. Qxc2 Qb4 35. Qd3 Rc6
36. Kh2 f6 37. f4 fxe5 38. fxe5 Rf2 39. Qe3 Rcc2 40. Rg1 Qd2 41. Qg3 b6 42. Kh1 Qf4
43. Qd3 Rfd2  0-1

[Event "Hradec Kralove Open 2023 - A FIDE Open"]
[Site "Cernigov hotel, Hradec Kralove"]
[Date "2023.11.06"]
[Round "3"]
[Board "8"]
[White "Santos Martinez, Guillermo"]
[Black "Svoboda, Frantisek"]
[Result "1-0"]
[WhiteElo "2112"]
[BlackElo "1628"]
[PlyCount "0"]
[EventDate "2023.11.04"]
[EventRounds "9"]
[EventCountry "CZE"]

1. d4 d6 2. c4 e5 3. dxe5 dxe5 4. Qxd8+ Kxd8 5. Nc3 Be6 6. b3 Nd7 7. Bb2 c6 8. O-O-O
Kc7 9. Nf3 f6 10. e3 Nh6 11. h3 Be7 12. Bd3 Nf7 13. Bc2 g6 14. g4 Rad8 15. Kb1 Rhe8
16. Nd5+ cxd5 17. cxd5 Bxd5 18. Rxd5 Nb6 19. Rxd8 Rxd8 20. g5 Nd7 21. gxf6 Bxf6 22.
h4 Re8 23. Nd2 Nd6 24. Ne4 Nxe4 25. Bxe4 Bh8 26. Rc1+ Kb8 27. Ba3 Nf6 28. Bd6+ Ka8
29. Bg2 e4 30. Bh3 Nd5 31. Rc5 Nc3+ 32. Kc2 Rd8 33. Be7 b6 34. Rxc3  1-0